000 00325nam a22001337a 4500
008 170128b xxu||||| |||| 00| 0 eng d
020 _a9780721683225
041 _aeng
080 _a61
100 _a3
101 _aSHM
245 _aINSTRUCTOR'S MANUAL FOR PHYSICAL ASSESSMENT FINDINGS CD-ROM
_cLEMMI, F.O
942 _2udc
_cBK
999 _c3935
_d3935